| 000 | 00921cam a2200265 4500 | ||
|---|---|---|---|
| 008 | 090401t1995 xxu||||| |||| 00| 0 eng d | ||
| 020 | _a0852925719 | ||
| 035 | _a(Sirsi) u47847 | ||
| 041 | _aeng | ||
| 050 | _a658.37 | ||
| 100 | _aRadford, Anne | ||
| 245 | _aManaging people in professional practices. | ||
| 260 |
_aLondon _bIPD Books _c1995 |
||
| 300 | _axii,212p. ; 21cm. | ||
| 350 | _a11.17 | ||
| 520 | _aAimed at senior managers in professional practices who have little experience in personnel, this book highlights the need for human resource management to ensure the success of the business. | ||
| 650 | _aABOUT RICS-RICS MEMBERS | ||
| 650 | _aPARTNERSHIPS | ||
| 650 | _aPERSONNEL MANAGEMENT | ||
| 650 | _aPROFESSIONAL PRACTICES | ||
| 690 | _aMANAGEMENT-BUSINESS MANAGEMENT-PROFESSIONAL PRACTICE | ||
| 710 |
_aInstitute of Personnel and Development _91791 |
||
| 942 | _n0 | ||
| 948 | _c04/03/1997 | ||
| 999 |
_c92219 _d92219 |
||